Entrada Término temático
Número de registros utilizados en: 1
001 - NÚMERO DE CONTROL
003 - IDENTIFICADOR DEL NÚMERO DE CONTROL
- campo de control:
DR-UNIBE
005 - FECHA Y HORA DE LA ÚLTIMA TRANSACCIÓN
- campo de control:
20250515133839.0
008 - DATOS DE LONGITUD FIJA
- campo de control de longitud fija:
250515|| aca||aabn | a|a d
040 ## - FUENTE DE LA CATALOGACIÓN
- Centro catalogador/agencia de origen:
DR-UNIBE
- Centro/agencia transcriptor:
DR-UNIBE
650 ## -
- :
Terceros (Derecho)
- :
Puerto Rico
- :
Manuales
670 ## - FUENTE DE DATOS ENCONTRADOS
- Cita de la fuente:
Work cat.: (DR-UNIBE)113597: Puerto Rico. Tribunal General de Justicia 195218 autor, Manual de normas y procedimientos de los centros de mediación de conflictos /, 2004